I Discepoli di Gesù Divino Maestro nell'animo e nel cuore di don Giacomo Alberione (Record n. 37828)
[ formato base ]
| 000 -LEADER | |
|---|---|
| fixed length control field | 00635nam a22001817a 4500 |
| 003 - CONTROL NUMBER IDENTIFIER | |
| control field | IT-RoPau |
| 005 - DATE AND TIME OF LATEST TRANSACTION | |
| control field | 20220918175938.0 |
| 008 - FIXED-LENGTH DATA ELEMENTS--GENERAL INFORMATION | |
| fixed length control field | 130124b xxu||||| |||| 00| 0 eng d |
| 040 ## - CATALOGING SOURCE | |
| Transcribing agency | IT-RoPau |
| 100 ## - MAIN ENTRY--PERSONAL NAME | |
| Personal name | Esposito, Rosario |
| Titles and words associated with a name | ssp |
| 9 (RLIN) | 230 |
| 245 ## - TITLE STATEMENT | |
| Title | I Discepoli di Gesù Divino Maestro nell'animo e nel cuore di don Giacomo Alberione |
| Remainder of title | Sac. Giacomo Alberione Fondatore delle Congregazioni Religiose e degli Istituti Aggregati della Famiglia Paolina 4-4-1884 26-11-1971 |
| 250 ## - EDITION STATEMENT | |
| Edition statement | 1° ed. |
| 260 ## - PUBLICATION, DISTRIBUTION, ETC. (IMPRINT) | |
| Place of publication, distribution, etc. | Roma |
| Name of publisher, distributor, etc. | Albano Laziale |
| Date of publication, distribution, etc. | 1988 |
| 300 ## - PHYSICAL DESCRIPTION | |
| Extent | 29 p. |
| Dimensions | 16,5 cm |
| 490 ## - SERIES STATEMENT | |
| Series statement | 1 |
| 500 ## - GENERAL NOTE | |
| General note | Uso manoscritto. |
| 942 ## - ADDED ENTRY ELEMENTS (KOHA) | |
| Source of classification or shelving scheme | Dewey Decimal Classification |
| Koha item type | LIBRO |
| Withdrawn status | Lost status | Source of classification or shelving scheme | Damaged status | Not for loan | Home library | Current library | Date acquired | Total Checkouts | Full call number | Date last seen | Price effective from | Koha item type |
|---|---|---|---|---|---|---|---|---|---|---|---|---|
| Dewey Decimal Classification | Buone Condizioni | Not For Loan | PAULUS-BIBLIOTECA | PAULUS-BIBLIOTECA | 24/01/2013 | P A4 | 24/01/2013 | 24/01/2013 | LIBRO |